00589 2200217 4500001002100000005001500021035002000036245007200056100002200128250000600150300003100156700001100187260004600198082001000244084001600254020002200270650002800292990001700320990001700337990001700354INLIS00000000000007720180816022439 a0010-08180000411 aEnsiklomini Matematika ( A-J ) /cYani Puji Lestari; Editor, Dewi S0 aYani Puji Lestari a- a64 hlm. :bilus. ;c25 cm.0 aDewi S aBandung :bPT INDAHJAYA Adipratama,c2008 a510.3 a510.3 YAN e a978-979-24-1634-3 aEnsiklopedia Matematika a00306/P/2018 a00307/P/2018 a00308/P/2018